[Event "Zagreb Open 2010 Grupo B"]
[Site "Zagreb CRO"]
[Date "2010.02.26"]
[Round "2.5"]
[White "Lasic, Luka"]
[Black "Hrupacki, Milan"]
[Result "0-1"]
[WhiteElo "2222"]
[BlackElo "2072"]
[PlyCount "82"]
[EventDate "2010.02.25"]
[EventType "swiss"]
[EventRounds "9"]
[EventCountry "CRO"]
[Source "lmi"]
[SourceDate "2010.02.25"]

1. Nf3 c6 2. e4 d6 3. d4 Qc7 4. Nc3 Nd7 5. Bc4 e6 6. Bf4 e5 7. Bg3 Be7 8. a4
Ngf6 9. a5 O-O 10. Bb3 Nh5 11. Bh4 Bxh4 12. Nxh4 g6 13. O-O Qd8 14. g3 Qf6 15.
Ne2 b6 16. axb6 Nxb6 17. f4 Bh3 18. Rf2 Qe7 19. f5 Kg7 20. Nc3 Nf6 21. Qd3 a5
22. Nf3 Ng4 23. Rd2 gxf5 24. exf5 Nh6 25. Nh4 d5 26. Rf2 f6 27. dxe5 fxe5 28.
Re1 Qf6 29. Na4 Nd7 30. c4 d4 31. c5 Ng4 32. Rfe2 Ne3 33. Rxe3 dxe3 34. Qxd7+
Kh8 35. Be6 Qxh4 36. Nb6 Qb4 37. Rxe3 Rad8 38. Qxc6 Rd1+ 39. Kf2 Qxb2+ 40. Re2
Rf1+ 41. Ke3 Qd4# 0-1

[Event "Zagreb Open 2010 Grupo B"]
[Site "Zagreb CRO"]
[Date "2010.02.26"]
[Round "2.6"]
[White "Takac, Zvonko"]
[Black "Vukovic, Ivo"]
[Result "1/2-1/2"]
[WhiteElo "2088"]
[BlackElo "2220"]
[PlyCount "109"]
[EventDate "2010.02.25"]
[EventType "swiss"]
[EventRounds "9"]
[EventCountry "CRO"]
[Source "lmi"]
[SourceDate "2010.02.25"]

1. f4 d5 2. Nf3 e6 3. e3 Bd6 4. b3 Nh6 5. Bb2 O-O 6. Bd3 f6 7. O-O Qe7 8. Nc3
c6 9. Qe2 e5 10. fxe5 fxe5 11. e4 d4 12. Nd1 Bg4 13. Nf2 Bh5 14. Nh1 Nd7 15.
Ng3 Bxf3 16. Rxf3 Rxf3 17. Qxf3 g6 18. c3 Rf8 19. Qd1 dxc3 20. Bxc3 Bc5+ 21.
Kh1 Bf2 22. Bc4+ Kg7 23. d4 b5 24. Be2 exd4 25. Bxd4+ Bxd4 26. Qxd4+ Ne5 27.
Rd1 Nhf7 28. Rf1 Rd8 29. Qc3 Kg8 30. b4 a6 31. Rd1 Rxd1+ 32. Bxd1 Kg7 33. Qd4
Qd6 34. Ne2 Kf6 35. Bb3 Qxd4 36. Nxd4 Nd6 37. Bc2 Nb7 38. Kg1 c5 39. bxc5 Nxc5
40. Kf2 Ng4+ 41. Kg3 Ne3 42. Kf3 Nxc2 43. Nxc2 Ke5 44. Nb4 Nxe4 45. Nxa6 Nc3
46. Nb4 Kd4 47. Kf4 h6 48. Nc2+ Kd3 49. Nb4+ Kc4 50. Nc2 Kd5 51. a3 Na4 52. g4
Nc5 53. h4 Ne6+ 54. Ke3 Ke5 55. Nb4 1/2-1/2

[Event "Zagreb Open 2010 Grupo B"]
[Site "Zagreb CRO"]
[Date "2010.02.26"]
[Round "2.7"]
[White "Vrsek, Ivan"]
[Black "Krizanovic, Zvonko"]
[Result "0-1"]
[WhiteElo "2217"]
[BlackElo "2065"]
[PlyCount "63"]
[EventDate "2010.02.25"]
[EventType "swiss"]
[EventRounds "9"]
[EventCountry "CRO"]
[Source "lmi"]
[SourceDate "2010.02.25"]

1. d4 Nf6 2. c4 e6 3. Nc3 Bb4 4. Qc2 c5 5. dxc5 Na6 6. a3 Qa5 7. Bd2 Nxc5 8.
O-O-O Bxc3 9. Bxc3 Qa4 10. Qxa4 Nxa4 11. Bb4 a5 12. Bd6 Ne4 13. Nh3 Nxd6 14.
Rxd6 Ke7 15. Rd1 b6 16. b3 Nc5 17. Kb2 Bb7 18. f3 d5 19. e3 Rhd8 20. b4 axb4
21. axb4 Nd7 22. Be2 dxc4 23. Bxc4 Ne5 24. Rxd8 Rxd8 25. Kb3 Rc8 26. Be2 Bd5+
27. Ka4 Rc2 28. Re1 Ra2+ 29. Kb5 Rxe2 30. Rxe2 Bc4+ 31. Kxb6 Bxe2 32. Ng5 0-1

[Event "Zagreb Open 2010 Grupo B"]
[Site "Zagreb CRO"]
[Date "2010.02.26"]
[Round "2.8"]
[White "Zecevic, Dean"]
[Black "Ikica, Ante"]
[Result "1-0"]
[WhiteElo "2213"]
[BlackElo "2065"]
[PlyCount "77"]
[EventDate "2010.02.25"]
[EventType "swiss"]
[EventRounds "9"]
[EventCountry "CRO"]
[Source "lmi"]
[SourceDate "2010.02.25"]

1. e4 e5 2. Nf3 Nc6 3. Bb5 Be7 4. O-O Nf6 5. Re1 d6 6. c3 O-O 7. h3 a6 8. Ba4
Nd7 9. d4 b5 10. Bc2 Bf6 11. a4 Rb8 12. axb5 axb5 13. Be3 Ne7 14. Nbd2 d5 15.
dxe5 Nxe5 16. Nxe5 Bxe5 17. exd5 Bd6 18. Ne4 Bf5 19. Qf3 Bg6 20. Rad1 Ra8 21.
Rd2 Re8 22. Nxd6 cxd6 23. Bxg6 Nxg6 24. Rde2 Ne5 25. Qg3 Qd7 26. Bd4 f6 27. h4
Kf7 28. Bxe5 dxe5 29. Qf3 Qd6 30. Qd3 Reb8 31. Qxh7 Qxd5 32. h5 Rh8 33. Qg6+
Kg8 34. Re3 Qf7 35. Qe4 Ra4 36. Qd3 Rxh5 37. b4 Qb7 38. Rb1 Ra7 39. Qg6 1-0

[Event "Zagreb Open 2010 Grupo B"]
[Site "Zagreb CRO"]
[Date "2010.02.26"]
[Round "2.9"]
[White "Bender, Zdenko"]
[Black "Sribar, Peter"]
[Result "1-0"]
[WhiteElo "2085"]
[BlackElo "2199"]
[PlyCount "144"]
[EventDate "2010.02.25"]
[EventType "swiss"]
[EventRounds "9"]
[EventCountry "CRO"]
[Source "lmi"]
[SourceDate "2010.02.25"]

1. d4 d5 2. Nf3 Nf6 3. Bg5 e6 4. Nbd2 Nbd7 5. e3 Be7 6. Bd3 c5 7. c3 O-O 8. O-O
b6 9. Rc1 Bb7 10. Bb1 Rc8 11. Qc2 g6 12. Rfe1 Re8 13. Nf1 Ne4 14. Bxe7 Qxe7 15.
N3d2 e5 16. Nxe4 dxe4 17. Qa4 a6 18. Qa3 Qg5 19. Rcd1 exd4 20. cxd4 cxd4 21.
Rxd4 Ne5 22. Ng3 h5 23. Bxe4 Bxe4 24. Rxe4 Nc4 25. Qxa6 Nxb2 26. Rxe8+ Rxe8 27.
Qxb6 Qe5 28. Rb1 Nc4 29. Qb5 Qe6 30. Rc1 Nd6 31. Qb3 Qe5 32. h3 h4 33. Nf1 Ne4
34. a4 Rb8 35. Qd1 Rb2 36. Rc2 Kh7 37. Qa1 Rb5 38. Qxe5 Rxe5 39. f3 Ng3 40. Rc4
Nf5 41. Kf2 Ra5 42. Nd2 Kg7 43. Nb3 Rd5 44. e4 Rd3 45. exf5 Rxb3 46. fxg6 Rb2+
47. Kg1 fxg6 48. Rxh4 Kf6 49. Re4 Kf5 50. Kh2 Ra2 51. h4 Ra1 52. Kh3 Ra2 53.
Rb4 Kf6 54. g3 Kg7 55. Kg4 Kh6 56. Kf4 Kh5 57. Ke3 Ra3+ 58. Ke4 Kh6 59. g4 Ra1
60. Kd5 Ra3 61. Rf4 g5 62. Rf6+ Kg7 63. hxg5 Rxa4 64. Ke5 Ra5+ 65. Kf4 Ra4+ 66.
Kg3 Ra5 67. Rf5 Ra4 68. Re5 Rb4 69. f4 Rb1 70. Re2 Rb3+ 71. Kh4 Rf3 72. f5 Rxf5
1-0

[Event "Zagreb Open 2010 Grupo B"]
[Site "Zagreb CRO"]
[Date "2010.02.26"]
[Round "2.10"]
[White "Petrusic, Toni"]
[Black "Stocko, Josip"]
[Result "1-0"]
[WhiteElo "2065"]
[BlackElo "2194"]
[PlyCount "49"]
[EventDate "2010.02.25"]
[EventType "swiss"]
[EventRounds "9"]
[EventCountry "CRO"]
[Source "lmi"]
[SourceDate "2010.02.25"]

1. e4 d6 2. d4 Nf6 3. Nc3 e5 4. dxe5 dxe5 5. Qxd8+ Kxd8 6. Bc4 Ke8 7. Bg5 Bb4
8. O-O-O Nbd7 9. Nge2 c6 10. a3 Be7 11. f3 b5 12. Ba2 a5 13. a4 b4 14. Nb1 Nb6
15. Bb3 c5 16. Bxf6 Bxf6 17. Bd5 Ra7 18. c4 b3 19. Na3 Bd7 20. Nc3 Nxa4 21.
Ncb5 Bg5+ 22. Kb1 Ra6 23. Nc7+ Kd8 24. Nxa6 Kc8 25. Rd3 1-0

[Event "Zagreb Open 2010 Grupo B"]
[Site "Zagreb CRO"]
[Date "2010.02.26"]
[Round "2.11"]
[White "Frank, Vladimir"]
[Black "Livaic, Damir"]
[Result "1/2-1/2"]
[WhiteElo "2194"]
[BlackElo "2059"]
[PlyCount "112"]
[EventDate "2010.02.25"]
[EventType "swiss"]
[EventRounds "9"]
[EventCountry "CRO"]
[Source "lmi"]
[SourceDate "2010.02.25"]

1. Nf3 Nf6 2. c4 c5 3. Nc3 Nc6 4. d4 cxd4 5. Nxd4 g6 6. Nc2 Bg7 7. e4 d6 8. Be2
Be6 9. O-O O-O 10. Be3 Ne5 11. b3 Qa5 12. Qd2 Nc6 13. b4 Qc7 14. Rac1 b6 15. f3
Rac8 16. Nd5 Qb7 17. Bg5 Rfd8 18. Kh1 Ne5 19. Nd4 Bxd5 20. cxd5 Rxc1 21. Rxc1
Rc8 22. Bb5 a6 23. Bc6 Qa7 24. Be3 Kf8 25. Nb3 Nxc6 26. dxc6 Qa8 27. Qc2 b5 28.
Na5 Ne8 29. Qd2 Nc7 30. Bd4 Ne6 31. Bxg7+ Kxg7 32. e5 dxe5 33. Qd5 Qb8 34. Re1
Kf6 35. Qe4 Qd6 36. a3 Qd4 37. Qc2 Rc7 38. Rd1 Qe3 39. Nb3 Nd4 40. Nxd4 exd4
41. Qc5 Qe5 42. Qb6 d3 43. h3 Qd6 44. Rxd3 Qxc6 45. Qd4+ e5 46. Qd6+ Qxd6 47.
Rxd6+ Kf5 48. Rxa6 Kf4 49. Kh2 f5 50. Rb6 Ra7 51. Rxb5 Rxa3 52. Rb8 Rb3 53. b5
e4 54. fxe4 fxe4 55. b6 e3 56. b7 e2 1/2-1/2

[Event "Zagreb Open 2010 Grupo B"]
[Site "Zagreb CRO"]
[Date "2010.02.26"]
[Round "2.13"]
[White "Dulic, Grgur"]
[Black "Hibner, Branko"]
[Result "1-0"]
[WhiteElo "2192"]
[BlackElo "2052"]
[PlyCount "75"]
[EventDate "2010.02.25"]
[EventType "swiss"]
[EventRounds "9"]
[EventCountry "CRO"]
[Source "lmi"]
[SourceDate "2010.02.25"]

1. e4 c5 2. Nf3 Nc6 3. d4 cxd4 4. Nxd4 Nf6 5. Nc3 e6 6. Ndb5 d6 7. Bf4 e5 8.
Bg5 a6 9. Na3 Be6 10. Nc4 Rc8 11. Nd5 Bxd5 12. Bxf6 Qxf6 13. Qxd5 Be7 14. c3
O-O 15. Nb6 Rc7 16. Bc4 Qg6 17. O-O Rd8 18. Rfd1 Bf8 19. b4 Ne7 20. Qd3 Rc6 21.
Nd5 Rdc8 22. Bb3 Nxd5 23. Qxd5 b5 24. Rac1 Rxc3 25. Rxc3 Rxc3 26. Qb7 h5 27. h3
h4 28. Qxa6 Rxh3 29. Qxb5 Rc3 30. Qe2 h3 31. g3 d5 32. Rxd5 h2+ 33. Kxh2 Rc1
34. Kg2 Qh6 35. Rd1 Bxb4 36. Rxc1 Qxc1 37. Qb5 Qe1 38. Qxe5 1-0

[Event "Zagreb Open 2010 Grupo B"]
[Site "Zagreb CRO"]
[Date "2010.02.26"]
[Round "2.14"]
[White "Glazar, Domagoj"]
[Black "Matic, Zeljko"]
[Result "0-1"]
[WhiteElo "2046"]
[BlackElo "2181"]
[PlyCount "124"]
[EventDate "2010.02.25"]
[EventType "swiss"]
[EventRounds "9"]
[EventCountry "CRO"]
[Source "lmi"]
[SourceDate "2010.02.25"]

1. d4 d6 2. e4 Nf6 3. Bd3 e5 4. Nf3 exd4 5. Nxd4 g6 6. O-O Bg7 7. Bg5 h6 8. Bh4
O-O 9. c3 c6 10. f4 Qb6 11. Qb3 Qc7 12. Nd2 Nbd7 13. Rae1 Nc5 14. Qc2 Re8 15.
N2f3 Nfd7 16. b4 Nxd3 17. Qxd3 a6 18. Kh1 c5 19. Nc2 b5 20. Rd1 c4 21. Qxd6
Qxd6 22. Rxd6 Rxe4 23. Nd2 Re2 24. Rf3 Nf8 25. Kg1 Bb7 26. Rf2 Rxf2 27. Bxf2
Bxc3 28. Nb1 Bg7 29. Bd4 Re8 30. Bxg7 Kxg7 31. Nc3 Re7 32. g3 Nd7 33. a4 bxa4
34. Nxa4 Nf6 35. Nc5 Bd5 36. Kf1 c3 37. Na3 Be4 38. Nxe4 Rxe4 39. Nc2 Re6 40.
Rxe6 fxe6 41. Ke2 Nd5 42. Kd3 Kf6 43. Ke4 h5 44. h3 Ke7 45. Ke5 Kd7 46. g4 Ne7
47. Kd4 Kd6 48. Ke4 h4 49. Ne3 Nc6 50. Nc2 Nd8 51. Kd4 Nf7 52. Ne3 e5+ 53.
fxe5+ Nxe5 54. Kxc3 Nf3 55. Kd3 Ke5 56. Ng2 g5 57. Ke3 Ng1 58. Ne1 Nxh3 59.
Nd3+ Kd5 60. Kf3 Kc4 61. Nc5 a5 62. Ne4 a4 0-1

[Event "Zagreb Open 2010 Grupo B"]
[Site "Zagreb CRO"]
[Date "2010.02.26"]
[Round "2.15"]
[White "Jelecevic, Ivo"]
[Black "Klem, Davor"]
[Result "1/2-1/2"]
[WhiteElo "2180"]
[BlackElo "2048"]
[PlyCount "36"]
[EventDate "2010.02.25"]
[EventType "swiss"]
[EventRounds "9"]
[EventCountry "CRO"]
[Source "lmi"]
[SourceDate "2010.02.25"]

1. e4 Nc6 2. d4 e5 3. Nf3 exd4 4. Nxd4 Bc5 5. Nxc6 bxc6 6. Nc3 Qf6 7. Qf3 Qxf3
8. gxf3 Rb8 9. Bc4 Ne7 10. Bb3 Ba6 11. Na4 Bd4 12. c3 Bf6 13. Nc5 Bc8 14. Be3
d6 15. Nd3 a5 16. O-O-O Be6 17. Kc2 O-O 18. Nf4 Bxb3+ 1/2-1/2

[Event "Zagreb Open 2010 Grupo B"]
[Site "Zagreb CRO"]
[Date "2010.02.26"]
[Round "2.16"]
[White "Ivekovic, Bozidar"]
[Black "Raguz, Dario"]
[Result "1-0"]
[WhiteElo "2042"]
[BlackElo "2177"]
[PlyCount "51"]
[EventDate "2010.02.25"]
[EventType "swiss"]
[EventRounds "9"]
[EventCountry "CRO"]
[Source "lmi"]
[SourceDate "2010.02.25"]

1. e4 c5 2. Nf3 d6 3. d4 cxd4 4. Nxd4 Nf6 5. Nc3 a6 6. Bg5 e6 7. f4 Qb6 8. Qd2
Qxb2 9. Rb1 Qa3 10. e5 dxe5 11. fxe5 Nfd7 12. Ne4 h6 13. Bh4 Nc6 14. Nxc6 bxc6
15. Bc4 Qa4 16. O-O Qxc4 17. Qf4 Nxe5 18. Qxe5 f6 19. Nxf6+ Kf7 20. Qh5+ g6 21.
Ne8+ Kxe8 22. Qxg6+ Kd7 23. Qf7+ Kd6 24. Rfd1+ Qd5 25. Rxd5+ cxd5 26. Bg3+ 1-0

[Event "Zagreb Open 2010 Grupo B"]
[Site "Zagreb CRO"]
[Date "2010.02.26"]
[Round "2.17"]
[White "Gujic, Vladimir"]
[Black "Starcevic, Kresimir"]
[Result "0-1"]
[WhiteElo "2035"]
[BlackElo "2170"]
[PlyCount "152"]
[EventDate "2010.02.25"]
[EventType "swiss"]
[EventRounds "9"]
[EventCountry "CRO"]
[Source "lmi"]
[SourceDate "2010.02.25"]

1. Nf3 Nf6 2. d4 c5 3. e3 e6 4. Bd3 b6 5. O-O Bb7 6. b3 Be7 7. Bb2 O-O 8. Nbd2
cxd4 9. exd4 Ba6 10. c4 Nc6 11. Qe2 d5 12. Rac1 Rc8 13. Rfd1 Re8 14. Nf1 dxc4
15. bxc4 Nb4 16. Bb1 Nbd5 17. g3 Bf8 18. Ne5 Ne7 19. Ne3 Ng6 20. f4 Nd5 21.
N3g4 Nf6 22. Ne3 Nd5 23. N3g4 Nf6 24. Ne3 Rc7 25. Qf2 Qa8 26. Bd3 Bb7 27. N3g4
Nxg4 28. Nxg4 Bf3 29. Be2 Be4 30. Bf1 Rec8 31. Ne3 Ne7 32. g4 Bf3 33. Bg2 Bxg2
34. Qxg2 Qxg2+ 35. Kxg2 Nc6 36. Bc3 Nb4 37. Bxb4 Bxb4 38. Rb1 Bd6 39. f5 Bf4
40. Kf3 Bxe3 41. Kxe3 Rxc4 42. Rd2 Kf8 43. fxe6 fxe6 44. Rf1+ Ke7 45. Rff2 Rc1
46. Ke4 Kd6 47. Rf7 R8c7 48. Rxc7 Rxc7 49. Rf2 b5 50. Rb2 a6 51. a4 Rb7 52. Rb4
g5 53. h3 h6 54. axb5 Rxb5 55. Ra4 a5 56. Ra3 Rd5 57. Ra1 Rb5 58. Ra3 Kc6 59.
Rc3+ Kb7 60. Rf3 a4 61. Rf7+ Ka6 62. Rf6 a3 63. Rxe6+ Rb6 64. Re8 Kb5 65. Ra8
Ra6 66. Rb8+ Kc4 67. Rb1 a2 68. Ra1 Kb3 69. d5 Kb2 70. Rxa2+ Kxa2 71. Ke5 Kb3
72. d6 Kc4 73. d7 Ra8 74. Kf6 Kd5 75. Kg7 Ke6 76. Kxh6 Kf6 0-1

[Event "Zagreb Open 2010 Grupo B"]
[Site "Zagreb CRO"]
[Date "2010.02.26"]
[Round "2.18"]
[White "Livaja, Mario"]
[Black "Kolega, Marin"]
[Result "1-0"]
[WhiteElo "2164"]
[BlackElo "2046"]
[PlyCount "61"]
[EventDate "2010.02.25"]
[EventType "swiss"]
[EventRounds "9"]
[EventCountry "CRO"]
[Source "lmi"]
[SourceDate "2010.02.25"]

1. d4 d5 2. c4 c6 3. cxd5 cxd5 4. Nc3 Nc6 5. Nf3 Nf6 6. Bg5 Ne4 7. Bf4 Bg4 8.
Qb3 Nxc3 9. bxc3 Qd7 10. Ne5 Nxe5 11. Bxe5 a6 12. a4 Qc6 13. e3 Rc8 14. Kd2 e6
15. Bd3 f6 16. Bg3 Be7 17. Rhc1 O-O 18. Rab1 Rfe8 19. Qxb7 Qxa4 20. Rb6 Ba3 21.
Rc2 Rxc3 22. Kxc3 a5 23. f3 Bb4+ 24. Rxb4 axb4+ 25. Kd2 Bh5 26. Bb5 Qa5 27. Bc7
Qa3 28. Bxe8 Bxe8 29. Bd6 h6 30. Bxb4 Qb3 31. Qb8 1-0

[Event "Zagreb Open 2010 Grupo B"]
[Site "Zagreb CRO"]
[Date "2010.02.26"]
[Round "2.19"]
[White "Raljic, Mirko"]
[Black "Tolic, Mato"]
[Result "0-1"]
[WhiteElo "2153"]
[BlackElo "2042"]
[PlyCount "132"]
[EventDate "2010.02.25"]
[EventType "swiss"]
[EventRounds "9"]
[EventCountry "CRO"]
[Source "lmi"]
[SourceDate "2010.02.25"]

1. e4 d6 2. Nc3 Nf6 3. g3 g6 4. Bg2 Bg7 5. Nge2 O-O 6. h3 c6 7. O-O d5 8. exd5
cxd5 9. d3 Nc6 10. Kh2 Rb8 11. Bg5 e6 12. Qd2 b5 13. a3 a5 14. Ng1 b4 15. axb4
axb4 16. Nce2 Qd6 17. Bh6 Bxh6 18. Qxh6 Qc5 19. c3 Qb5 20. c4 Qb6 21. b3 Rd8
22. Rad1 Ra8 23. d4 Ra3 24. c5 Qa7 25. Rd3 Na5 26. Rb1 Ba6 27. Rf3 Qe7 28. Qd2
Nc6 29. Rf4 g5 30. Rf3 Ne4 31. Qe1 Ra8 32. Re3 f5 33. f3 Nxc5 34. dxc5 d4 35.
Nxd4 Nxd4 36. c6 Bc8 37. Qd2 Nxc6 38. f4 Bb7 39. fxg5 Qxg5 40. Nf3 Qf6 41. Rb2
f4 42. Re4 fxg3+ 43. Kxg3 Kh8 44. Rf4 Qc3 45. Rc4 Rg8+ 46. Kh2 Qg7 47. Rg4 Qc7+
48. Qf4 Qxf4+ 49. Rxf4 e5 50. Nxe5 Nxe5 51. Bxb7 Nd3 52. Rff2 Nxb2 53. Rxb2 Rg7
54. Bd5 Rga7 55. Kg3 Ra2 56. Rb1 Ra1 57. Rxa1 Rxa1 58. Kf4 Re1 59. Kf3 Kg7 60.
Kf2 Re5 61. Bc4 Kf6 62. Be2 Kg5 63. Bg4 h5 64. Bd7 Rd5 65. Be6 Rd6 66. Bc4 Kh4
0-1

[Event "Zagreb Open 2010 Grupo B"]
[Site "Zagreb CRO"]
[Date "2010.02.26"]
[Round "2.20"]
[White "Basic, Kresimir"]
[Black "Kinez, Ivo"]
[Result "1-0"]
[WhiteElo "2028"]
[BlackElo "2138"]
[PlyCount "111"]
[EventDate "2010.02.25"]
[EventType "swiss"]
[EventRounds "9"]
[EventCountry "CRO"]
[Source "lmi"]
[SourceDate "2010.02.25"]

1. d4 Nf6 2. c4 g6 3. Nc3 d5 4. Qb3 dxc4 5. Qxc4 Bg7 6. e4 c6 7. Be2 O-O 8. Nf3
b5 9. Qb3 a5 10. a3 a4 11. Qc2 Be6 12. e5 Bb3 13. Qd3 Nd5 14. O-O Bc4 15. Qc2
Bxe2 16. Nxe2 e6 17. Ng5 Qb6 18. Ne4 Nd7 19. Be3 Rfc8 20. Qd2 Rc7 21. Rac1 Qa7
22. Bh6 N7b6 23. Nd6 Nd7 24. Bxg7 Kxg7 25. h4 Qb6 26. h5 c5 27. h6+ Kf8 28. Nf4
Ne7 29. Rfd1 c4 30. Qb4 Rb8 31. d5 Nc5 32. dxe6 fxe6 33. Qc3 Kg8 34. Qh3 Nf5
35. g4 Nxd6 36. Rxd6 Rc6 37. Rcd1 Ne4 38. R6d4 Ng5 39. Qe3 Rf8 40. Kg2 Qb7 41.
Nd5 exd5 42. Qxg5 Qf7 43. f4 Kh8 44. Rxd5 Rcc8 45. Rd7 Qxf4 46. Qxf4 Rxf4 47.
Rd8+ Rf8 48. Rxf8+ Rxf8 49. Rd5 Rb8 50. Kf3 Kg8 51. e6 Kf8 52. Ke4 b4 53. Ke5
c3 54. bxc3 bxa3 55. Ra5 Rb3 56. Kf6 1-0

[Event "Zagreb Open 2010 Grupo B"]
[Site "Zagreb CRO"]
[Date "2010.02.26"]
[Round "2.21"]
[White "Basaric, Srðan"]
[Black "Opic, Ivan"]
[Result "1-0"]
[WhiteElo "2137"]
[BlackElo "2026"]
[PlyCount "69"]
[EventDate "2010.02.25"]
[EventType "swiss"]
[EventRounds "9"]
[EventCountry "CRO"]
[Source "lmi"]
[SourceDate "2010.02.25"]

1. e4 c5 2. Nf3 Nc6 3. d3 d6 4. c3 g6 5. Be2 Bg7 6. O-O Nf6 7. Nbd2 O-O 8. Qc2
Qb6 9. h3 e5 10. Re1 Re8 11. Bf1 d5 12. g3 Qc7 13. b4 b6 14. Bb2 Bb7 15. Rac1
Rad8 16. a3 a5 17. b5 Na7 18. a4 Nc8 19. Bg2 Nd6 20. exd5 Nxd5 21. Qb1 c4 22.
d4 f6 23. dxe5 fxe5 24. Ba3 Nf7 25. Qa2 Bh6 26. Rc2 Rc8 27. Ne4 Bg7 28. Rce2
Nf6 29. Nfd2 Nd5 30. h4 Bh6 31. Nf3 Kg7 32. Neg5 Rcd8 33. Qc2 Ne7 34. Ne6+ Kh8
35. Nxc7 1-0

[Event "Zagreb Open 2010 Grupo B"]
[Site "Zagreb CRO"]
[Date "2010.02.27"]
[Round "3.1"]
[White "Kristovic, Marijan"]
[Black "Baturina, Andrija"]
[Result "1/2-1/2"]
[WhiteElo "2294"]
[BlackElo "2101"]
[PlyCount "90"]
[EventDate "2010.02.25"]
[EventType "swiss"]
[EventRounds "9"]
[EventCountry "CRO"]
[Source "lmi"]
[SourceDate "2010.02.25"]

1. e4 c5 2. Nf3 e6 3. d4 cxd4 4. Nxd4 Nf6 5. Nc3 d6 6. f4 a6 7. a4 b6 8. Be2
Qc7 9. Bf3 Bb7 10. O-O Nc6 11. Kh1 Be7 12. Nxc6 Bxc6 13. Be3 O-O 14. g4 Qb7 15.
Qd3 d5 16. exd5 exd5 17. Bd4 b5 18. axb5 axb5 19. Rxa8 Rxa8 20. Bxf6 Bxf6 21.
Nxd5 Bxb2 22. Ne7+ Qxe7 23. Bxc6 Rb8 24. Rb1 Qf6 25. Bxb5 Qxf4 26. Bc4 Bf6 27.
Rxb8+ Qxb8 28. Kg2 Qd8 29. Bd5 Qa5 30. Be4 g6 31. c4 Bg5 32. Qc2 Qd2+ 33. Qxd2
Bxd2 34. c5 Kf8 35. h4 h6 36. c6 Ba5 37. Kf3 f5 38. Bd3 fxg4+ 39. Kxg4 Ke7 40.
Bxg6 Kd6 41. Be4 Bd2 42. h5 Bc1 43. Kf5 Bd2 44. Kf6 Bc1 45. Kf7 Kc7 1/2-1/2

[Event "Zagreb Open 2010 Grupo B"]
[Site "Zagreb CRO"]
[Date "2010.02.27"]
[Round "3.2"]
[White "Rozic, Marijan"]
[Black "Mihalinec, Damir"]
[Result "0-1"]
[WhiteElo "2092"]
[BlackElo "2232"]
[PlyCount "70"]
[EventDate "2010.02.25"]
[EventType "swiss"]
[EventRounds "9"]
[EventCountry "CRO"]
[Source "lmi"]
[SourceDate "2010.02.25"]

1. d4 Nf6 2. Nf3 g6 3. g3 Bg7 4. Bg2 c5 5. c3 cxd4 6. cxd4 O-O 7. Nc3 Qb6 8.
O-O d6 9. b3 Nc6 10. Bb2 Bg4 11. d5 Nb4 12. a3 Na6 13. b4 Rac8 14. Qd2 Rc4 15.
Rac1 Rfc8 16. Qd3 Bf5 17. e4 Bd7 18. Na4 Qb5 19. Nc3 Rxc3 20. Rxc3 Qxd3 21.
Rxd3 Bb5 22. Rdd1 Bxf1 23. Bxf1 Nxe4 24. Bxg7 Kxg7 25. Re1 f5 26. Nd4 Kf6 27.
g4 Rc3 28. Nb5 Rb3 29. Bg2 Nc3 30. Nxa7 Rxa3 31. gxf5 Nxb4 32. Re6+ Kf7 33.
fxg6+ hxg6 34. Nc8 Ra1+ 35. Bf1 Nbxd5 0-1

[Event "Zagreb Open 2010 Grupo B"]
[Site "Zagreb CRO"]
[Date "2010.02.27"]
[Round "3.3"]
[White "Jakupec, Denis"]
[Black "Zecevic, Dean"]
[Result "1/2-1/2"]
[WhiteElo "2090"]
[BlackElo "2213"]
[PlyCount "57"]
[EventDate "2010.02.25"]
[EventType "swiss"]
[EventRounds "9"]
[EventCountry "CRO"]
[Source "lmi"]
[SourceDate "2010.02.25"]

1. d4 e6 2. c4 b6 3. a3 d5 4. cxd5 exd5 5. Nc3 Nf6 6. Nf3 Be7 7. g3 O-O 8. Bg2
Bb7 9. O-O Nbd7 10. Bf4 c6 11. Ne5 Re8 12. Rc1 Bf8 13. e4 dxe4 14. Nxe4 Nxe5
15. dxe5 Nd5 16. Re1 h6 17. Nc3 Nxf4 18. gxf4 Qh4 19. Qf3 Rab8 20. Qg3 Qe7 21.
Ne4 Red8 22. Nd6 Rxd6 23. exd6 Qxd6 24. f5 c5 25. Qxd6 Bxd6 26. Rcd1 Bxg2 27.
Kxg2 Rd8 28. b3 Kf8 29. a4 1/2-1/2

[Event "Zagreb Open 2010 Grupo B"]
[Site "Zagreb CRO"]
[Date "2010.02.27"]
[Round "3.4"]
[White "Jakovljevski, Radivoje"]
[Black "Dulic, Grgur"]
[Result "0-1"]
[WhiteElo "2089"]
[BlackElo "2192"]
[PlyCount "159"]
[EventDate "2010.02.25"]
[EventType "swiss"]
[EventRounds "9"]
[EventCountry "CRO"]
[Source "lmi"]
[SourceDate "2010.02.25"]

1. e4 c5 2. c3 Nf6 3. Bc4 Nxe4 4. Bxf7+ Kxf7 5. Qh5+ g6 6. Qd5+ e6 7. Qxe4 d5
8. Qe2 Nc6 9. Nf3 Bg7 10. d3 Re8 11. O-O e5 12. h3 Kg8 13. Bg5 Qd6 14. Nbd2 Bf5
15. Rfe1 b5 16. g4 Bd7 17. Qf1 Rf8 18. Qg2 c4 19. dxc4 bxc4 20. Rad1 Qc5 21.
Be3 d4 22. Ne4 Qb6 23. Bc1 Rad8 24. Bg5 Rb8 25. Bc1 Nd8 26. Qg3 Nf7 27. Nfd2
Rbc8 28. b3 cxb3 29. axb3 dxc3 30. Nxc3 Be6 31. Nce4 Rfd8 32. Ba3 Qb5 33. Rb1
Rd3 34. Re3 Rcd8 35. Bc1 a5 36. Ra1 Bxb3 37. Nxb3 Qxb3 38. Rxd3 Rxd3 39. Be3 a4
40. Qf3 Qb5 41. Nc5 e4 42. Qxe4 Rxe3 43. Qa8+ Re8 44. Qxa4 Qxa4 45. Rxa4 Ng5
46. Kg2 Rc8 47. Ne4 Ne6 48. Ng3 Rf8 49. Ne2 Bh6 50. Re4 Ng5 51. Ra4 Nf3 52. Nd4
Ne1+ 53. Kf1 Nd3 54. f3 Bg7 55. Ne6 Re8 56. Re4 h6 57. Ke2 Rxe6 58. Kxd3 Rxe4
59. Kxe4 Kf7 60. f4 Bf6 61. Kd5 Bh4 62. Ke4 Kf6 63. Kd5 Be1 64. Ke4 g5 65. f5
Bh4 66. Kd5 Bg3 67. Ke4 Be1 68. Kd5 h5 69. Ke4 hxg4 70. hxg4 Bc3 71. Kd5 Bb2
72. Kd6 Kf7 73. Kd5 Ke7 74. Kc6 Be5 75. Kd5 Bf4 76. Kc6 Bd6 77. Kd5 Kd7 78. Ke4
Bf4 79. Kd5 Kc7 80. Ke4 0-1

[Event "Zagreb Open 2010 Grupo B"]
[Site "Zagreb CRO"]
[Date "2010.02.27"]
[Round "3.5"]
[White "Matic, Zeljko"]
[Black "Bender, Zdenko"]
[Result "1-0"]
[WhiteElo "2181"]
[BlackElo "2085"]
[PlyCount "137"]
[EventDate "2010.02.25"]
[EventType "swiss"]
[EventRounds "9"]
[EventCountry "CRO"]
[Source "lmi"]
[SourceDate "2010.02.25"]

1. f4 d5 2. Nf3 c5 3. e3 g6 4. Bb5+ Bd7 5. Qe2 Qb6 6. a4 a6 7. Bxd7+ Nxd7 8.
Nc3 e6 9. d3 Bg7 10. e4 d4 11. Nb1 Ne7 12. O-O Qc6 13. a5 b5 14. axb6 Nxb6 15.
Nbd2 Qc7 16. Nc4 Nxc4 17. dxc4 a5 18. Bd2 a4 19. Ne1 O-O 20. Nd3 Ra6 21. Ra3
Rfa8 22. Rfa1 Qb6 23. Bc1 Nc6 24. b3 axb3 25. Rxb3 Qa7 26. Rab1 Ra1 27. Rxa1
Qxa1 28. Qf1 Qa7 29. Bd2 f5 30. exf5 exf5 31. Qf3 Ne7 32. Rb7 Qa4 33. Kf2 Re8
34. Qe2 Bf6 35. Nxc5 d3 36. Qe6+ Kg7 37. Nxd3 Qa2 38. Qe2 Qxc2 39. Bb4 Bd4+ 40.
Kf3 Qxe2+ 41. Kxe2 Kf6 42. Kd2 h6 43. Bc3 Bxc3+ 44. Kxc3 g5 45. Rb6+ Kg7 46.
Rd6 g4 47. Nb4 Kf7 48. Rxh6 Ng6 49. g3 Kg7 50. Rh5 Ne7 51. c5 Kg6 52. Rh4 Rd8
53. Kc4 Rd1 54. Nd3 Nc6 55. h3 gxh3 56. Rxh3 Rd2 57. Ne5+ Nxe5+ 58. fxe5 Kf7
59. Rh6 Rg2 60. c6 Ke7 61. Kc5 Rxg3 62. Kb6 Rb3+ 63. Kc7 f4 64. Kc8 Rb5 65. c7
Rxe5 66. Kb7 Rb5+ 67. Kc6 Rb4 68. c8=Q Rc4+ 69. Kb7 1-0

[Event "Zagreb Open 2010 Grupo B"]
[Site "Zagreb CRO"]
[Date "2010.02.27"]
[Round "3.6"]
[White "Starcevic, Kresimir"]
[Black "Petrusic, Toni"]
[Result "0-1"]
[WhiteElo "2170"]
[BlackElo "2065"]
[PlyCount "44"]
[EventDate "2010.02.25"]
[EventType "swiss"]
[EventRounds "9"]
[EventCountry "CRO"]
[Source "lmi"]
[SourceDate "2010.02.25"]

1. e4 e6 2. d4 d5 3. Nc3 Bb4 4. e5 c5 5. Bd2 Ne7 6. Nb5 Bxd2+ 7. Qxd2 O-O 8. f4
a6 9. Nd6 cxd4 10. Nf3 Nbc6 11. Bd3 f6 12. O-O-O fxe5 13. Nxc8 Rxc8 14. fxe5
Nf5 15. Rde1 Qb6 16. Kb1 Kh8 17. Ng5 Na5 18. g4 Ne3 19. Nxh7 Nac4 20. Qc1 Na3+
21. Ka1 Nexc2+ 22. Bxc2 Nxc2+ 0-1